Modele Bmw - Statystyki

Ogólne statystyki
  • Ten quiz został rozwiązany 1 444 razy
  • Średni wynik to 19 z 55
Statystyki odpowiedzi
Seria Model % Poprawnych
3 E36
84%
3 E46
81%
3 E30
70%
5 E60/E61
68%
3 E90/E91
67%
X X5
66%
X X3
65%
X X6
63%
X X1
62%
X X7
62%
5 E34
58%
M M3 E90/E92/E93
56%
7 E38
55%
5 E28
52%
3 E92
52%
5 F10/F11
51%
3 F30/F31
47%
6 E24
46%
7 E32
45%
3 E21
44%
1 E87/E81
41%
7 E65/E66/E67
39%
7 E23
34%
5 E12
33%
8 E31
33%
3 E93
33%
5 G30/G31
32%
6 E63/E64
30%
4 F32/F33/F82
30%
3 G20/G21
28%
1 F20
26%
1 E82
25%
M M3 E46
22%
M M5 E60
21%
6 F12/F13
20%
M M3 E36
20%
Z E85/E86
19%
7 F01/F02
19%
M M3 E30
18%
M M5 E39
18%
1 E88
17%
2 F22/F23
16%
Z E89
15%
7 G11/G12
14%
M M5 F10
14%
4 F36
13%
M M5 E34
12%
8 G15
8%
M M3 F80
7%
M M5 E28
7%
M M5 F90
7%
6 F03
5%
Z G29
5%
5 E398
4%
M M1 E26
2%
Nie znaleziono quizów pasujących do podanych kryteriów
Rozkład punktacji
Procent ludzi z każdym wynikiem
Percentyl według liczby udzielonych odpowiedzi
Twoja historia wyników
Nie rozwiązałeś tego quizu